Catálogo
 En Linea

Narraciones extraordinarias / (Registro nro. 37290)

Detalles MARC
000 -CABECERA
campo de control de longitud fija 00567nam a2200169 a 4500
001 - NÚMERO DE CONTROL
campo de control 000037800
005 - FECHA Y HORA DE LA ÚLTIMA TRANSACCIÓN
campo de control 20201002031120.0
008 - DATOS DE LONGITUD FIJA--INFORMACIÓN GENERAL
campo de control de longitud fija 130306s1999 cl ac 000 0 spa d
020 ## - NÚMERO INTERNACIONAL ESTÁNDAR DEL LIBRO
Número Internacional Estándar del Libro 9583006408
040 ## - FUENTE DE LA CATALOGACIÓN
Centro catalogador/agencia de origen DO-SdBNP
Lengua de catalogación spa
Centro/agencia transcriptor BNPHU
100 1# - ENTRADA PRINCIPAL--NOMBRE DE PERSONA
Nombre de persona Poe, Edgar Allan
Fechas asociadas al nombre 1809-1849
9 (RLIN) 9903
245 10 - MENCIÓN DE TÍTULO
Título Narraciones extraordinarias /
Mención de responsabilidad, etc. Edgar Allan Poe ;traducción Juliana Borrero.
260 ## - PUBLICACIÓN, DISTRIBUCIÓN, ETC.
Lugar de publicación, distribución, etc. Colombia :
Nombre del editor, distribuidor, etc. Panamericana,
Fecha de publicación, distribución, etc. 1999.
300 ## - DESCRIPCIÓN FÍSICA
Extensión 312 p. :
Otras características físicas il., ;
Dimensiones 21 cm.
500 ## - NOTA GENERAL
Nota general Incluye datos biográficos del autor en la solapa
700 1# - PUNTO DE ACCESO ADICIONAL--NOMBRE DE PERSONA
Nombre de persona Borrero, Juliana
Término indicativo de función/relación tr.
9 (RLIN) 64251
Existencias
Estado de retiro Estado de pérdida Restricciones de uso No para préstamo Código de colección Localización permanente Ubicación/localización actual Ubicación en estantería Fecha de adquisición Número de inventario Total de préstamos Signatura topográfica completa Código de barras Fecha visto por última vez Precio válido a partir de Tipo de ítem Koha Número de copia
      Excluido de préstamo Monografías: Libros y Folletos General General Depósito 06.03.2013 LF1   37800-10 25.06.2020 25.06.2020 No se presta  
      Excluido de préstamo Monografías: Libros y Folletos General General Depósito 21.05.2013 LF1   37800-20 25.06.2020 25.06.2020 No se presta e. 2
    Préstamo interno   Monografías: Libros y Folletos General General Depósito 06.06.2013 LF1   37800-30 25.06.2020 25.06.2020 Préstamo interno e. 3

Con tecnología Koha